| 000 | 00672nam a22002177a 4500 | ||
|---|---|---|---|
| 999 |
_c12110 _d12110 |
||
| 003 | AR-CdUCM | ||
| 008 | 190405b ||||| |||| 00| 0 spa d | ||
| 040 |
_aMUNICIPALIDAD PROVINCIAL DEL CUSCO _cBIBLIOTECA MUNICIPAL DEL CUSCO |
||
| 082 |
_aC / 869.56 / _bF65 |
||
| 100 |
_aFlorez Becerra, Felix _912218 |
||
| 245 | _aCuadernos incompletos / | ||
| 260 |
_aCusco : _bEdiciones Elemento, _c1967. |
||
| 300 |
_bilustraciones, _c23 cm. |
||
| 500 | _aDedicatoria para Luis Nieto. | ||
| 505 | _aContenido: Poesía. | ||
| 650 |
_aLiteratura Peruana _9132 |
||
| 650 |
_aSiglo XX _98 |
||
| 650 |
_aPoesía Cusqueña _92323 |
||
| 942 |
_2ddc _cLIBROS |
||
| 945 |
_aachl _d2019-04-05 |
||